Normal view
MARC view
Entry Personal Name
001 - CONTROL NUMBER
- control field: 17839
003 - CONTROL NUMBER IDENTIFIER
- control field: ARRUPE
005 - DATE AND TIME OF LATEST TRANSACTION
- control field: 20150518131730.0
008 - FIXED-LENGTH DATA ELEMENTS
- fixed length control field: 150518|| aca||aabn | a|a d
040 ## - CATALOGING SOURCE
- Original cataloging agency: ARRUPE
- Transcribing agency: ARRUPE
100 ## - HEADING--PERSONAL NAME
- Personal name: Hooper, Dan,
- Dates associated with a name: 1976-
670 ## - SOURCE DATA FOUND
- Source citation: Work cat.: (ARRUPE)0: Hooper, Dan, 1976-, Dark cosmos :, 2006.